zpět

Detail výsledku týmu

T-Quest, Praha

Datum a čas kvízu

23 Celkem bodů Celkový počet nahraných bodů na tomto kvízu bez doplňovacích otázek.
5. Pořadí na kvízu Konečné umístění týmu na tomto kvízu.

Zaznamenané odpovědi

# Otázka Odpověď Body Výsledky
1. Vláda na svém středečním jedná... 0
2. Jisté domácí zvíře má raději l... 0
3. První jmenování Jana Buriana d... 1
4. Po celé republice projde důkla... 1
5. Pardubický hokejista Petr Čásl... 1
6. Rodné číslo je jednoznačný čís... 1
7. Aby bylo možno snadno detekova... 1
8. Která z uvedených kombinací mů... 1
9. Změna rodného čísla během živo... 1
10. S rodnými čísly souvisí i obča... 1